[Event "Wroclaw Anderssen Memorial op-B"]
[Site "Wroclaw"]
[Date "2023.??.??"]
[Round "8"]
[White "Jasniewicz, Rafal"]
[Black "Kulczycka, Zofia"]
[Result "0-1"]
[WhiteElo "1619"]
[BlackElo "1472"]
[PlyCount "52"]
[EventDate "2023.08.06"]
[EventType "swiss"]
[EventRounds "9"]
[EventCountry "POL"]
[SourceTitle "EXT 2024"]
[Source "ChessBase"]
[SourceDate "2023.10.10"]
[SourceVersion "1"]
[SourceVersionDate "2023.10.10"]
[SourceQuality "1"]

1. e4 c5 2. Nf3 Nc6 3. d4 cxd4 4. Nxd4 Nf6 5. Nc3 d6 6. f3 e5 7. Nb3 Be7 8. Be3 0-0 9. Qd2 Be6 10. 0-0-0 a5 11. Na4 Qc7 12. Nb6 a4 13. Nxa8 Rxa8 14. Na1 Bxa2 15. Bb5 d5 16. exd5 Nxd5 17. Qf2 Nxe3 18. Qxe3 Nd4 19. Rxd4 exd4 20. Qe4 a3 21. b3 Qc3 22. Bd3 Bg5+ 23. f4 Bxf4+ 24. Qxf4 Qxa1+ 25. Kd2 Qxh1 26. Qe4 g6 0-1

[Event "Wroclaw Anderssen Memorial op-B"]
[Site "Wroclaw"]
[Date "2023.??.??"]
[Round "4"]
[White "Rajda, Krystian"]
[Black "Jasniewicz, Rafal"]
[Result "1-0"]
[WhiteElo "1803"]
[BlackElo "1619"]
[PlyCount "63"]
[EventDate "2023.08.06"]
[EventType "swiss"]
[EventRounds "9"]
[EventCountry "POL"]
[SourceTitle "EXT 2024"]
[Source "ChessBase"]
[SourceDate "2023.10.10"]
[SourceVersion "1"]
[SourceVersionDate "2023.10.10"]
[SourceQuality "1"]

1. e4 c5 2. d4 cxd4 3. c3 d3 4. Bxd3 Nc6 5. Nf3 e5 6. 0-0 Nf6 7. b4 d6 8. h3 Be7 9. Qe2 0-0 10. Bc4 h6 11. Rd1 Qc7 12. Na3 a6 13. Nc2 b5 14. Bb3 Nd8 15. Nh4 Kh7 16. Ne3 Be6 17. Nhf5 Ng8 18. Bd5 Rc8 19. a4 g6 20. Ng3 Bg5 21. axb5 axb5 22. Qxb5 Nf6 23. Rd3 Rb8 24. Qc4 Qd7 25. Qa6 Bxh3 26. gxh3 Qxh3 27. Qxd6 Bxe3 28. Bxe3 Ne6 29. Bxe6 fxe6 30. Qe7+ Kh8 31. Ra7 Ng4 32. Qh7# 1-0

[Event "Wroclaw op-B 7th"]
[Site "Wroclaw"]
[Date "2012.07.03"]
[Round "2"]
[White "Stankowski, Aleksander"]
[Black "Jasniewicz, Rafal"]
[Result "1/2-1/2"]
[WhiteElo "1884"]
[BlackElo "1638"]
[PlyCount "30"]
[EventDate "2012.07.02"]
[EventType "swiss"]
[EventRounds "9"]
[EventCountry "POL"]
[SourceTitle "EXT 2013"]
[Source "ChessBase"]
[SourceDate "2012.11.22"]
[SourceVersion "1"]
[SourceVersionDate "2012.11.22"]
[SourceQuality "1"]

1. e4 Nf6 2. Nc3 d5 3. exd5 Nxd5 4. d4 a6 5. Nf3 Bg4 6. h3 Bh5 7. Be2 e6 8. 0-0 Nc6 9. Ne5 Bxe2 10. Nxe2 Nxe5 11. dxe5 Bc5 12. Nf4 Nxf4 13. Bxf4 0-0 14. Qxd8 Rfxd8 15. Rad1 h6 1/2-1/2

[Event "Rewal op-B 15th"]
[Site "Rewal"]
[Date "2010.08.18"]
[Round "1"]
[White "Jasniewicz, Rafal"]
[Black "Prazmowski, Bartosz"]
[Result "0-1"]
[WhiteElo "1588"]
[BlackElo "1870"]
[PlyCount "76"]
[EventDate "2010.08.18"]
[EventType "swiss"]
[EventRounds "9"]
[EventCountry "POL"]
[SourceTitle "EXT 2014"]
[Source "ChessBase"]
[SourceDate "2013.11.20"]
[SourceVersion "1"]
[SourceVersionDate "2013.11.20"]
[SourceQuality "1"]

1. Nf3 d5 2. d3 Bf5 3. g3 c6 4. Bg2 Nf6 5. 0-0 e6 6. Nbd2 Bd6 7. Nh4 Bg6 8. f4 Ng4 9. Nb3 Qb6+ 10. d4 f5 11. h3 Nf6 12. e3 Nbd7 13. Nd2 c5 14. c3 0-0-0 15. a4 a5 16. Rb1 Bf7 17. Nhf3 h6 18. b3 Ne4 19. Nxe4 dxe4 20. Nd2 g5 21. Nc4 Qc7 22. Nxd6+ Qxd6 23. Ba3 gxf4 24. gxf4 Qc7 25. b4 Nf6 26. bxa5 Nd5 27. Qd2 Rhg8 28. Bxc5 Qxa5 29. Rf2 Rg3 30. Bb4 Qc7 31. Qb2 Rdg8 32. Kh2 Nxe3 33. Rg1 Nd5 34. Rgf1 Ne3 35. Rg1 Bh5 36. Qc1 Qg7 37. Qd2 Rxh3+ 38. Kxh3 Qg3# 0-1